Arte popular: (Record no. 22470)
[ view plain ]
| 000 -CABECERA | |
|---|---|
| campo de control de longitud fija | 00666nam a2200229 4500 |
| 003 - IDENTIFICADOR DEL NÚMERO DE CONTROL | |
| campo de control | OTs |
| 005 - FECHA Y HORA DE LA ÚLTIMA TRANSACCIÓN | |
| campo de control | 20260601193908.0 |
| 008 - DATOS DE LONGITUD FIJA--INFORMACIÓN GENERAL | |
| campo de control de longitud fija | 260520b |||ao||| |||| 00| 0 spa d |
| 040 ## - FUENTE DE LA CATALOGACIÓN | |
| Centro catalogador/agencia de origen | ICI |
| Lengua de catalogación | spa |
| Centro/agencia transcriptor | ICI |
| Normas de descripción | rda |
| 050 ## - SIGNATURA TOPOGRÁFICA DE LA BIBLIOTECA DEL CONGRESO | |
| Número de clasificación | NK808 |
| Número de documento/Ítem | A78 |
| 245 ## - MENCIÓN DE TÍTULO | |
| Título | Arte popular: |
| Resto del título | Del centro-occidente mexicano |
| 264 ## - PRODUCCIÓN, PUBLICACIÓN, DISTRIBUCIÓN, FABRICACIÓN Y COPYRIGHT | |
| Producción, publicación, distribución, fabricación y copyright | México |
| Nombre del de productor, editor, distribuidor, fabricante | Judas Cartonería |
| 300 ## - DESCRIPCIÓN FÍSICA | |
| Extensión | 13 Páginas |
| 336 ## - TIPO DE CONTENIDO | |
| Fuente | rdacontent |
| Término de tipo de contenido | texto |
| 337 ## - TIPO DE MEDIO | |
| Fuente | rdamedia |
| Nombre/término del tipo de medio | sin medio |
| 338 ## - TIPO DE SOPORTE | |
| Fuente | rdacarrier |
| Nombre/término del tipo de soporte | volumen |
| 650 ## - PUNTO DE ACCESO ADICIONAL DE MATERIA--TÉRMINO DE MATERIA | |
| Término de materia o nombre geográfico como elemento de entrada | Cartonería mexicana |
| 9 (RLIN) | 34718 |
| 650 ## - PUNTO DE ACCESO ADICIONAL DE MATERIA--TÉRMINO DE MATERIA | |
| Término de materia o nombre geográfico como elemento de entrada | Arte popular |
| Subdivisión geográfica | México |
| 9 (RLIN) | 882 |
| 650 ## - PUNTO DE ACCESO ADICIONAL DE MATERIA--TÉRMINO DE MATERIA | |
| Término de materia o nombre geográfico como elemento de entrada | Judas (Arte popular mexicano) |
| 9 (RLIN) | 34719 |
| 650 ## - PUNTO DE ACCESO ADICIONAL DE MATERIA--TÉRMINO DE MATERIA | |
| Término de materia o nombre geográfico como elemento de entrada | Artesanías |
| Subdivisión geográfica | Guanajuato |
| 9 (RLIN) | 34720 |
| 942 ## - ELEMENTOS DE PUNTO DE ACCESO ADICIONAL (KOHA) | |
| Fuente del sistema de clasificación o colocación | Library of Congress Classification |
| Suprimir en OPAC | 1 |
| Tipo de ítem Koha | Libros |
| Estado de retiro | Estado de pérdida | Fuente del sistema de clasificación o colocación | Estado dañado | No para préstamo | Localización permanente | Ubicación/localización actual | Fecha de adquisición | Total de préstamos | Signatura topográfica completa | Código de barras | Fecha visto por última vez | Número de copia | Precio válido a partir de | Tipo de ítem Koha |
|---|---|---|---|---|---|---|---|---|---|---|---|---|---|---|
| El ejemplar forma parte de la colección y puede ser consultado según las políticas vigentes. | Library of Congress Classification | Biblioteca de Diseño Museo Franz Mayer | Biblioteca de Diseño Museo Franz Mayer | 20/05/2026 | NK808 A78 | BDIMFM000649 | 20/05/2026 | Ej. 1 | 20/05/2026 | Libros |